Sitcom Savvy Quiz Stats

 Plays Quiz Updated Nov 17, 2017

Challenge
Share
Tweet
Embed
Score 0/20 Timer 05:00
1 Play Today
Question Answer Wrong Answers
'Mork & Mindy', 'Laverne & Shirley' and 'Joanie Loves Chachi' were all spin-offs from what sitcom? Happy Days
92%
The Andy Griffith Show
4.5%
That Girl
1.3%
That 70's Show
2%
Which of these sitcoms follows aliens Sally, Harry, Dick and Tommy as they study earthlings? 3rd Rock from the Sun
87.7%
Mork & Mindy
2.4%
Coneheads
5.8%
My Favorite Martian
2.7%
Stan Lee, Stephen Hawking, George Takei, LeVar Burton, Carrie Fisher and Leonard Nimoy have all guest-starred on which sitcom? The Big Bang Theory
86.3%
Curb Your Enthusiasm
4.6%
Friends
2.5%
Just Shoot Me
1.4%
Which of these highly syndicated family sitcoms starred actors Barry, Christopher, Eve, Mike, Maureen, and Susan? The Brady Bunch
80%
Full House
4.9%
Modern Family
5.5%
Married with Children
6.5%
Which high school sitcom gave John Travolta his first break? Welcome Back, Kotter
79.9%
Saved by the Bell
5%
Head of the Class
10%
Boy Meets World
3%
'POW! Right in the kisser', 'Baby, you're the greatest' and 'Humina-humina-humina' are quotes from what treasured TV sitcom? The Honeymooners
79.1%
Mr. Ed
4%
The Jeffersons
5.5%
I Love Lucy
7.7%
Which of these sitcoms did not feature Ted Danson? M*A*S*H
78.3%
Curb Your Enthusiasm
12.5%
Becker
3.8%
Cheers
2.4%
'In West Philadelphia I was born and raised. On the playground is where I spent most of my days--' What's the next line? Chillin' out, maxin', relaxin', all cool
71.5%
My life got flipped, turned upside down
20.8%
I whistled for a cab, and when it came near
2.6%
The weather started getting rough
1.2%
Which sitcom holds the record for largest series finale viewing audience with 105.9 million viewers? M*A*S*H
70.9%
Friends
15.9%
Seinfeld
10.5%
Cheers
2.6%
Which sitcom's starring cast was the first to insist on equitable pay regardless of popularity, rising from $25k to $1 million per episode? Friends
70.5%
Seinfeld
8.9%
The Big Bang Theory
12.8%
How I Met Your Mother
3.2%
Venus Flytrap, Les Nessman, Jennifer Marlowe and Dr. Johnny Fever are characters from what rockin' TV show? WKRP in Cincinnati
70.2%
30 Rock
10.8%
The Drew Carey Show
6.9%
NewsRadio
7.1%
Which of these sitcoms was NOT set in New York City? Family Matters
69.5%
Friends
1.1%
Seinfeld
1.8%
Cosby Show
25.8%
'Maude' was a spin-off from what other '70s sitcom? All in the Family
64.7%
The Mary Tyler Moore Show
23.1%
Green Acres
3.2%
Three's Company
6.3%
According to a People Magazine poll in 2012, what sitcom is the 'Best TV Show of All Time'? I Love Lucy
57.2%
The Andy Griffith Show
6.4%
Friends
31.8%
Happy Days
2.9%
Which sitcom is narrated by Ron Howard? Arrested Development
52.9%
The Wonder Years
19.8%
How I Met Your Mother
9.1%
Happy Days
17.2%
What TV comedy collected a record, at the time, 37 Prime Time Emmy Awards during its 11-year run? Frasier
43.4%
The Mary Tyler Moore Show
17.4%
All in the Family
8.7%
Seinfeld
27.1%
How many seasons did the The Andy Griffith Show run? 8
33.7%
4
14.9%
6
41.3%
3
5.8%
Which of the following is NOT the title of an episode of 'Seinfeld'? The Big Talker
30.8%
The Opposite
24.9%
The Marine Biologist
16.2%
The Old Man
27.4%
'Good Times' was a spin-off from what '70s TV sitcom? Maude
19.9%
The Jeffersons
43.3%
All in the Family
30.9%
Room 222
3.5%
What was the very first television sitcom to be broadcast in the United States, airing in 1947? Mary Kate and Johnny
12%
Pinwright's Progress
14.2%
The Donna Reed Show
25.3%
Father Knows Best
44.3%

You're not logged in!

Compare scores with friends on all Sporcle quizzes.
Join for Free
OR
Log In

You Might Also Like...

Show Comments

Extras

Top Quizzes Today


Score Distribution

Your Account Isn't Verified!

In order to create a playlist on Sporcle, you need to verify the email address you used during registration. Go to your Sporcle Settings to finish the process.

Report this User

Report this user for behavior that violates our Community Guidelines.

Details: